| 000 | 00783nam a2200265Ia 4500 | ||
|---|---|---|---|
| 005 | 20260302114255.0 | ||
| 008 | 008 260114s9999 xx 000 0 eng d | ||
| 020 | _a9781350088399 | ||
| 037 | _aTextbook | ||
| 040 | _aCRL | ||
| 040 | _beng | ||
| 040 | _cCRL | ||
| 041 | _2eng | ||
| 041 | _aeng | ||
| 084 | _qCRL | ||
| 100 |
_aHenrik Jøker Bjerre, Brian Benjamin Hansen, Kirsten Hyldgaard, Jakob Rosendal, Lilian Munk Rösing _91118285 |
||
| 245 | 0 | _aAnalysing the Cultural Unconscious Science of the Signifier | |
| 260 | _bBloomsbury | ||
| 260 | _bBloomsbury Academic | ||
| 260 | _c2020 | ||
| 650 | _aPhilosophy | ||
| 856 | _uhttps://dx.doi.org/10.5040/9781350088399?locatt=label:secondary_bloomsburyCollections | ||
| 942 | _cEBOOK | ||
| 999 |
_c1681958 _d1681958 |
||